000
00276nam a2200109Ia 4500
008
230907s9999||||xx |||||||||||||| ||und||
082
_a
621.392
_b
MAN
100
_a
Mano, M. Morris,
245
0
_a
Logic and computer design fundamentals /
300
_a
672 pages :
942
_c
BK
999
_c
599987
_d
599987